2019 March Madness Bracket Quiz Stats

 Plays Quiz Updated Apr 6, 2019

Score 0/135 Timer 12:00
24 Plays Today
% Correct
Duke
98.1%
Duke
97.9%
Duke
97.9%
Duke
96.7%
Virginia
96.2%
Virginia
96.2%
Virginia
95.7%
Virginia
95.6%
Virginia
95.5%
Virginia
95.1%
Texas Tech
94.3%
Michigan St
94.1%
Michigan St
94.1%
Michigan
94.1%
Texas Tech
93.8%
Michigan
93.7%
Michigan St
93.7%
Texas Tech
93.5%
Michigan St
93.3%
UNC
93.3%
UNC
93.1%
UNC
92.1%
Virginia
92%
Texas Tech
91.7%
Michigan
91.4%
Texas Tech
91.1%
Gonzaga
91.1%
Gonzaga
90.9%
Michigan St
90.5%
Gonzaga
90.3%
Kentucky
90.3%
Kentucky
90%
Auburn
89.9%
Auburn
89.9%
Kentucky
89.7%
Gonzaga
88.6%
Auburn
88.4%
Kentucky
87.9%
Auburn
87.8%
Kansas
85.8%
Florida
85.6%
Oregon
85.1%
Oregon
84.9%
Arizona St
84.9%
Purdue
84.5%
% Correct
Kansas
84.5%
Florida
84.4%
Tennessee
84.3%
Purdue
84.3%
Tennessee
84.1%
Purdue
83.9%
Texas Tech
83.5%
Florida St
83%
Florida St
82.9%
UCF
82.9%
Tennessee
82.5%
Oregon
81.7%
LSU
81.2%
LSU
81.2%
Virginia Tech
81.2%
Florida St
81.1%
Virginia Tech
80.9%
Belmont
79.8%
NDSU
79.6%
LSU
78.6%
Auburn
78.3%
Iowa
78.2%
Iowa
77.1%
Virginia Tech
77%
Purdue
76.9%
Kansas St
76.4%
Wisconsin
76%
Villanova
75.5%
Oklahoma
75.2%
Ohio St
74.9%
Ohio St
74.8%
Maryland
74.7%
Villanova
74.5%
Houston
74.1%
Minnesota
74.1%
Oklahoma
74%
Houston
73.9%
UCF
73.5%
Arizona St
73.2%
Murray St
73%
Ole Miss
72.8%
Maryland
72.8%
Minnesota
72.5%
Syracuse
72.4%
Washington
72%
% Correct
Washington
71.2%
UC Irvine
70.6%
Louisville
70.5%
Baylor
70.2%
Iowa St
69.9%
Houston
69.3%
Yale
69.1%
Nevada
68.8%
Murray St
68.1%
Wofford
67.9%
Marquette
67.9%
Fairleigh Dickinson
67.4%
VCU
67.3%
Baylor
66.8%
Liberty
65.5%
Buffalo
65.5%
Mississippi St
65.4%
Belmont
64.6%
Wofford
63.2%
Buffalo
62.7%
Cincinnati
62.6%
New Mexico St
61.8%
Seton Hall
60.6%
Utah St
60.4%
UC Irvine
59.6%
NDSU
58.5%
Saint Mary's
57.1%
St John's
56.9%
Liberty
56.6%
Temple
56.4%
Vermont
55.1%
Montana
52.6%
Iona
48.8%
Bradley
48.2%
Saint Louis
46.8%
Gardner-Webb
46.5%
Georgia St
45.5%
Northeastern
45.2%
Fairleigh Dickinson
44%
Colgate
43%
Old Dominion
41.9%
N. Kentucky
40.5%
NC Central
39.9%
PVAMU
38.1%
Abilene Christian
38%

You're not logged in!

Compare scores with friends on all Sporcle quizzes.
OR
Log In

Show Comments

Extras

Top Quizzes Today


Score Distribution

Your Account Isn't Verified!

In order to create a playlist on Sporcle, you need to verify the email address you used during registration. Go to your Sporcle Settings to finish the process.

Report this User

Report this user for behavior that violates our Community Guidelines.

Details: